Modern management accounting

Kaydedildi:
Detaylı Bibliyografya
Asıl Yazarlar: Thacker, Ronald J (Yazar), Smith, Richard L (Yazar)
Materyal Türü: Kitap
Dil:İngilizce
Baskı/Yayın Bilgisi: Reston Reston 1977
Konular:
Etiketler: Etiketle
Etiket eklenmemiş, İlk siz ekleyin!

MARC

LEADER 00000nam a2200000 a 4500
001 UCR9799
003 CL-VaPUC
008 980619e19770000us |||||||||||||||||eng|d
082 0 4 |a 658.151  |b THA  |2 21 
100 0 |a Thacker, Ronald J  |e author  |9 412710 
700 0 |a Smith, Richard L  |e author  |9 412711 
245 1 0 |a Modern management accounting 
300 |a 596 p 
942 |c BK 
945 |d 19980619 00:00:00  |a cmena 
260 |a Reston  |b Reston  |c 1977 
650 0 |a Contabilidad   |9 261430 
650 0 |a Administración financiera  |9 261146 
650 0 |a Estados de cuentas  |9 352305 
650 0 |a Contabilidad de costos   |9 260564 
650 0 |a Costos   |9 261063 
650 7 |a PLANIFICACION Y CONTROL  |2 CL-VaPUC  |9 412712 
650 0 |a Control presupuestario  |9 345693 
650 0 |a Auditoría  |9 307008 
650 0 |a Toma de decisiones   |9 257530 
650 0 |a Precios   |9 260787 
583 |a last modification  |c 20171211 02:21:26  |k Rodrigo Vera 
999 |c 270975  |d 270973 
952 |0 0  |1 0  |4 0  |6 658_151000000000000_THA_1977  |7 0  |8 P  |9 305441  |a BIBGIM  |b BIBGIM  |d 2019-11-20  |i 1420615  |o 658.151 THA 1977  |p 1420615  |r 2025-01-15  |w 2019-11-20  |y BK  |k COM